[Event "Lleida Regional-ch"]
[Site "Lleida"]
[Date "2019.12.08"]
[Round "8"]
[White "Roma Barge, Gabriel"]
[Black "Palau Cabases, Albert"]
[Result "1-0"]
[WhiteElo "2086"]
[BlackElo "1977"]
[PlyCount "107"]
[EventDate "2019.10.13"]
[EventType "swiss"]
[EventRounds "9"]
[EventCountry "ESP"]
[SourceTitle "CBM 193 Extra"]
[Source "ChessBase"]
[SourceDate "2020.01.31"]
[SourceVersion "1"]
[SourceVersionDate "2020.01.31"]
[SourceQuality "1"]

1. Nf3 Nf6 2. b3 d5 3. Bb2 c6 4. g3 g6 5. Bg2 Bg7 6. c4 e6 7. 0-0 0-0 8. d4 Re8 9. Nc3 Nbd7 10. Rc1 dxc4 11. bxc4 Nb6 12. Qb3 a5 13. c5 Nbd5 14. Rfd1 Nxc3 15. Bxc3 a4 16. Qa3 Nd5 17. Ba1 Nc7 18. e4 Nb5 19. Qd3 Qc7 20. Nh4 Bd7 21. d5 exd5 22. exd5 cxd5 23. Bxg7 Kxg7 24. c6 bxc6 25. Qxb5 Ra5 26. Qb2+ Qe5 27. Qxe5+ Rxe5 28. Nf3 Re2 29. Rd2 Rxd2 30. Nxd2 Rb5 31. Nf3 c5 32. Ne5 Be6 33. Nd3 c4 34. Nf4 g5 35. Nxe6+ fxe6 36. Rc2 Kf6 37. Kf1 Rb1+ 38. Ke2 a3 39. Kd2 Ke5 40. Kc3 Kd6 41. Bh3 h5 42. f3 Re1 43. Kb4 Rb1+ 44. Kxa3 e5 45. Rb2 Re1 46. Kb4 Re3 47. Rf2 c3 48. a4 d4 49. Kc4 Re1 50. Bf5 Rd1 51. Bc2 Ra1 52. f4 Re1 53. fxe5+ Kxe5 54. Rf5+ 1-0

[Event "Lleida Regional-ch"]
[Site "Lleida"]
[Date "2019.11.24"]
[Round "6"]
[White "Cots Valls, Jordi"]
[Black "Palau Cabases, Albert"]
[Result "0-1"]
[WhiteElo "1676"]
[BlackElo "1977"]
[PlyCount "72"]
[EventDate "2019.10.13"]
[EventType "swiss"]
[EventRounds "9"]
[EventCountry "ESP"]
[SourceTitle "CBM 193 Extra"]
[Source "ChessBase"]
[SourceDate "2020.01.31"]
[SourceVersion "1"]
[SourceVersionDate "2020.01.31"]
[SourceQuality "1"]

1. e4 c5 2. Nc3 Nc6 3. g3 g6 4. Bg2 Bg7 5. d3 d6 6. Nf3 e5 7. 0-0 Nge7 8. Re1 Rb8 9. Nd5 Nxd5 10. exd5 Ne7 11. c4 0-0 12. Rb1 b5 13. Nd2 bxc4 14. dxc4 f5 15. b3 Qa5 16. Rb2 Bd7 17. Rc2 Rbe8 18. Nf1 h6 19. Bd2 Qd8 20. Qc1 Kh7 21. h4 Ng8 22. Bc3 f4 23. Be4 Nf6 24. Bd3 fxg3 25. Nxg3 Ng4 26. h5 Qh4 27. Bxg6+ Kh8 28. f3 Rxf3 29. Ne4 Rh3 30. Kf1 Rf8+ 31. Ke2 Nf2 32. Nxf2 Qxf2+ 33. Kd1 Bg4+ 34. Rce2 Bxe2+ 35. Rxe2 Rh1+ 36. Be1 Qd4+ 0-1

[Event "Lleida Regional-ch"]
[Site "Lleida"]
[Date "2019.11.17"]
[Round "5"]
[White "Palau Cabases, Albert"]
[Black "Estruch Andreu, Guim"]
[Result "1/2-1/2"]
[WhiteElo "1977"]
[BlackElo "1869"]
[PlyCount "71"]
[EventDate "2019.10.13"]
[EventType "swiss"]
[EventRounds "9"]
[EventCountry "ESP"]
[SourceTitle "CBM 193 Extra"]
[Source "ChessBase"]
[SourceDate "2020.01.31"]
[SourceVersion "1"]
[SourceVersionDate "2020.01.31"]
[SourceQuality "1"]

1. d4 Nf6 2. Nc3 d5 3. Bf4 c6 4. e3 e6 5. Nf3 Bd6 6. Bxd6 Qxd6 7. Ne5 Nbd7 8. f4 Qb4 9. Nd3 Qe7 10. Be2 0-0 11. 0-0 a5 12. Bf3 b5 13. Ne5 b4 14. Ne2 Nxe5 15. fxe5 Nd7 16. e4 Ba6 17. Re1 f6 18. exf6 Rxf6 19. Ng3 Nb6 20. a3 bxa3 21. Rxa3 Nc4 22. Ra2 Qb4 23. c3 Qb5 24. b3 Rxf3 25. bxc4 Qxc4 26. Ra4 Rd3 27. Qa1 Qxc3 28. Qxc3 Rxc3 29. Rxa5 Bb7 30. Rxa8+ Bxa8 31. exd5 cxd5 32. Rxe6 Kf7 33. Ra6 Bc6 34. Kf2 Bb5 35. Rb6 Bd3 36. Rb2 1/2-1/2

[Event "Lleida Regional-ch"]
[Site "Lleida"]
[Date "2019.10.27"]
[Round "3"]
[White "Palau Cabases, Albert"]
[Black "Rodriguez Moles, Julian"]
[Result "1/2-1/2"]
[WhiteElo "1977"]
[BlackElo "1820"]
[PlyCount "70"]
[EventDate "2019.10.13"]
[EventType "swiss"]
[EventRounds "9"]
[EventCountry "ESP"]
[SourceTitle "CBM 193 Extra"]
[Source "ChessBase"]
[SourceDate "2020.01.31"]
[SourceVersion "1"]
[SourceVersionDate "2020.01.31"]
[SourceQuality "1"]

1. e4 d6 2. Nc3 f5 3. d4 fxe4 4. Nxe4 Nf6 5. Bd3 g6 6. h4 d5 7. Nxf6+ exf6 8. h5 g5 9. h6 Qe7+ 10. Be3 Be6 11. Qe2 Nd7 12. 0-0-0 0-0-0 13. Nf3 Nb6 14. Kb1 Na4 15. c3 Nb6 16. Rde1 Re8 17. Qc2 Qd7 18. Bc1 Kb8 19. b3 c6 20. Bb2 Bd6 21. c4 dxc4 22. bxc4 Bb4 23. Re2 Qf7 24. a3 Ba5 25. Rc1 Re7 26. Ka1 Rhe8 27. c5 Nd5 28. g3 Bg4 29. Rxe7 Rxe7 30. Nd2 Bxd2 31. Qxd2 Qh5 32. Re1 Qxh6 33. Rxe7 Nxe7 34. Qe1 Qg7 35. Qb1 h6 1/2-1/2

[Event "Lleida Regional-ch"]
[Site "Lleida"]
[Date "2019.10.13"]
[Round "1"]
[White "Palau Cabases, Albert"]
[Black "Nieto Badia, Pau"]
[Result "1/2-1/2"]
[WhiteElo "1977"]
[BlackElo "1798"]
[PlyCount "72"]
[EventDate "2019.10.13"]
[EventType "swiss"]
[EventRounds "9"]
[EventCountry "ESP"]
[SourceTitle "CBM 193 Extra"]
[Source "ChessBase"]
[SourceDate "2020.01.31"]
[SourceVersion "1"]
[SourceVersionDate "2020.01.31"]
[SourceQuality "1"]

1. e4 e5 2. Nf3 Nc6 3. d4 exd4 4. Bc4 Bb4+ 5. c3 dxc3 6. 0-0 d6 7. Qb3 Qe7 8. Nxc3 Bxc3 9. bxc3 Nf6 10. e5 Nxe5 11. Nxe5 dxe5 12. Ba3 c5 13. Qb5+ Nd7 14. Rad1 a6 15. Qb1 0-0 16. Rd5 b5 17. Bd3 Bb7 18. Bxh7+ Kh8 19. Rd3 g6 20. Bxg6 fxg6 21. Rfd1 Rad8 22. Qc1 Kg7 23. Qd2 Bc8 24. Bc1 Rh8 25. Rd6 Qh4 26. h3 Qf4 27. Qxf4 exf4 28. Bxf4 Rde8 29. Rxd7+ Bxd7 30. Rxd7+ Kf6 31. Be3 Rh5 32. Rc7 Ree5 33. g4 Rxh3 34. Bxc5 Rxc3 35. Be7+ Ke6 36. Rxc3 Kxe7 1/2-1/2

[Event "Lleida-ch"]
[Site "Almenar"]
[Date "2018.11.04"]
[Round "5"]
[White "Palau Cabases, Albert"]
[Black "Pera Lucas, Eugeni"]
[Result "1-0"]
[WhiteElo "1958"]
[BlackElo "1779"]
[PlyCount "84"]
[EventDate "2018.09.30"]
[EventType "swiss"]
[EventRounds "9"]
[EventCountry "ESP"]
[SourceTitle "CBM 187 Extra"]
[Source "ChessBase"]
[SourceDate "2018.11.04"]
[SourceVersion "1"]
[SourceVersionDate "2018.11.04"]
[SourceQuality "1"]

1. e4 e5 2. Nf3 Nc6 3. Bb5 a6 4. Ba4 Nf6 5. d3 d6 6. c4 Be7 7. Nc3 0-0 8. Bxc6 bxc6 9. h3 Bd7 10. 0-0 Ne8 11. d4 f6 12. Ne2 g5 13. Ng3 Ng7 14. Nh2 Qe8 15. b3 Rd8 16. Bb2 h5 17. f3 h4 18. Nh1 Nh5 19. Ng4 Qg6 20. d5 Nf4 21. Re1 c5 22. Bc1 Nh5 23. Qd2 Rf7 24. Qa5 f5 25. exf5 Bxf5 26. Qxa6 Bc8 27. Qa5 Nf4 28. Bxf4 Rxf4 29. Nhf2 Bf5 30. Qxc7 Rd7 31. Qa5 Bf8 32. Rac1 Bg7 33. a3 Qf7 34. b4 cxb4 35. axb4 e4 36. Nxe4 Bxg4 37. hxg4 Bd4+ 38. Kh1 Rxf3 39. Nxg5 Qf4 40. Re8+ Qf8 41. Rxf8+ Rxf8 42. Ne6 Rff7 1-0

[Event "Lleida-ch"]
[Site "Almenar"]
[Date "2018.10.21"]
[Round "3"]
[White "Torrent Minguet, Joan"]
[Black "Palau Cabases, Albert"]
[Result "1/2-1/2"]
[WhiteElo "1833"]
[BlackElo "1958"]
[PlyCount "97"]
[EventDate "2018.09.30"]
[EventType "swiss"]
[EventRounds "9"]
[EventCountry "ESP"]
[SourceTitle "CBM 187 Extra"]
[Source "ChessBase"]
[SourceDate "2018.11.04"]
[SourceVersion "1"]
[SourceVersionDate "2018.11.04"]
[SourceQuality "1"]

1. e4 c5 2. Nf3 Nc6 3. d4 cxd4 4. Nxd4 g6 5. Nc3 Bg7 6. Be3 Nf6 7. Be2 0-0 8. Qd2 Nxd4 9. Bxd4 d6 10. 0-0-0 Be6 11. Kb1 a6 12. h4 b5 13. h5 b4 14. Bxf6 Bxf6 15. Nd5 Bg7 16. Nf4 Qa5 17. Nxe6 fxe6 18. f4 Rac8 19. hxg6 hxg6 20. e5 Qc5 21. Bg4 Kf7 22. Qd3 Rh8 23. Rxh8 Bxh8 24. Rh1 Bg7 25. exd6 exd6 26. Bxe6+ Kxe6 27. Qxg6+ Kd5 28. Rd1+ Bd4 29. Qf5+ Kc4 30. Qd3+ Kd5 31. Qf5+ Kc4 32. Qd3+ Kd5 33. Qf5+ Kc4 34. Rxd4+ Qxd4 35. Qxc8+ Kb5 36. Qb7+ Ka5 37. Qc7+ Kb5 38. Qb7+ Ka5 39. Qc7+ Kb5 40. Qb8+ Ka5 41. Qc7+ Kb5 42. c4+ bxc3 43. Qb7+ Ka5 44. b4+ Ka4 45. Qxa6+ Kxb4 46. a3+ Kb3 47. Qb5+ Kxa3 48. Qa5+ Kb3 49. Qb5+ 1/2-1/2

[Event "Vallfogona rapid op 25th"]
[Site "Vallfogona de Balaguer"]
[Date "2017.09.17"]
[Round "5"]
[White "Palau Cabases, Albert"]
[Black "Panelo Munoz, Marcelo A"]
[Result "0-1"]
[WhiteElo "1953"]
[BlackElo "2388"]
[PlyCount "82"]
[EventDate "2017.09.17"]
[EventType "swiss (rapid)"]
[EventRounds "9"]
[EventCountry "ESP"]
[SourceTitle "CBM 180 Extra"]
[Source "ChessBase"]
[SourceDate "2017.10.06"]
[SourceVersion "1"]
[SourceVersionDate "2017.10.06"]
[SourceQuality "1"]

1. e4 c5 2. Nc3 Nc6 3. f4 e6 4. Nf3 d5 5. Bb5 Nge7 6. 0-0 a6 7. Bxc6+ Nxc6 8. exd5 exd5 9. d4 Bg4 10. Re1+ Be7 11. dxc5 d4 12. Ne4 0-0 13. h3 Bf5 14. Ng3 Be6 15. Kh1 Bxc5 16. a3 a5 17. Qd3 Bd5 18. Ng5 g6 19. Bd2 Qd7 20. f5 Rae8 21. N3e4 Be7 22. f6 Bd8 23. Qg3 Bxe4 24. Nxe4 Rxe4 25. Rxe4 Bxf6 26. Rae1 Bg7 27. Qd3 h5 28. b3 Kh7 29. Bc1 Rd8 30. Bf4 Qf5 31. Qg3 Qc5 32. R4e2 Qxa3 33. Bg5 Rd5 34. Re8 Qc5 35. h4 Qxc2 36. Qf3 Rf5 37. Qd1 Qc3 38. Bd2 Qg3 39. R8e4 Rf2 40. Rg1 Be5 41. Rxe5 Qxh4# 0-1

[Event "Lleida-ch"]
[Site "Bellcaire"]
[Date "2016.10.30"]
[Round "5"]
[White "Palau Cabases, Albert"]
[Black "Badia Torra, Jaume"]
[Result "1-0"]
[WhiteElo "1922"]
[BlackElo "1851"]
[PlyCount "130"]
[EventDate "2016.10.02"]
[EventType "swiss"]
[EventRounds "9"]
[EventCountry "ESP"]
[SourceTitle "EXT 2018"]
[Source "ChessBase"]
[SourceDate "2017.10.13"]
[SourceVersion "1"]
[SourceVersionDate "2017.10.13"]
[SourceQuality "1"]

1. e4 e5 2. Nf3 Nf6 3. Nxe5 d6 4. Nf3 Nxe4 5. Nc3 d5 6. Qe2 Be7 7. Nxe4 dxe4 8. Qxe4 0-0 9. Bc4 Nd7 10. d4 Bb4+ 11. c3 Re8 12. Ne5 Nxe5 13. dxe5 Bc5 14. Bxf7+ Kxf7 15. Qc4+ Be6 16. Qxc5 Bd5 17. 0-0 b6 18. Qd4 Bb7 19. Qc4+ Kf8 20. Bf4 Qd5 21. Qxd5 Bxd5 22. Rfd1 Be6 23. a3 Rad8 24. Bg5 Rxd1+ 25. Rxd1 h6 26. Bf4 Kf7 27. h4 Kg6 28. f3 Kf5 29. Bg3 g5 30. hxg5 hxg5 31. Kf2 a5 32. Rh1 Rd8 33. Rh6 Rf8 34. Ke3 Bc4 35. Bh2 g4 36. Rh5+ Kg6 37. Rh4 gxf3 38. gxf3 Bd5 39. Bf4 a4 40. Rg4+ Kf7 41. Bg5 Rh8 42. Rxa4 Ke6 43. Rh4 Rxh4 44. Bxh4 c5 45. Kf4 c4 46. Bd8 b5 47. Bf6 Bc6 48. Ke3 Kd5 49. Kf4 Ke6 50. Kg4 Bd5 51. Kf4 Bc6 52. Bh8 Bb7 53. Ke3 Kd5 54. f4 Bc8 55. Bf6 Bg4 56. Bg5 Bh5 57. Bf6 Bg4 58. Kf2 Ke4 59. Kg3 Be6 60. Be7 Bd7 61. Bd6 Be6 62. Bc7 Bd7 63. Kh4 Be6 64. Kg5 Bd5 65. Kf6 Kxf4 1-0

[Event "Lleida-ch"]
[Site "Bellcaire"]
[Date "2016.10.02"]
[Round "1"]
[White "Cosialls Ris, Ramon"]
[Black "Palau Cabases, Albert"]
[Result "0-1"]
[WhiteElo "1662"]
[BlackElo "1922"]
[PlyCount "52"]
[EventDate "2016.10.02"]
[EventType "swiss"]
[EventRounds "9"]
[EventCountry "ESP"]
[SourceTitle "EXT 2018"]
[Source "ChessBase"]
[SourceDate "2017.10.13"]
[SourceVersion "1"]
[SourceVersionDate "2017.10.13"]
[SourceQuality "1"]

1. e4 c5 2. Nf3 Nc6 3. d4 cxd4 4. Nxd4 g6 5. Nc3 Bg7 6. Be3 Nf6 7. f3 0-0 8. Qd2 Nxd4 9. Bxd4 d6 10. g4 Be6 11. 0-0-0 Qa5 12. Kb1 Rfc8 13. a3 Rab8 14. Bxf6 Bxf6 15. Nd5 Qa4 16. Nxf6+ exf6 17. h4 b5 18. c3 Qb3 19. Bd3 b4 20. axb4 Rxb4 21. Kc1 Ra4 22. Qc2 Qa2 23. Qb1 Rb8 24. Qxa2 Rxa2 25. Rh2 Ra1+ 26. Kd2 Rxb2+ 0-1

[Event "Lleida Regional-ch"]
[Site "Lleida"]
[Date "2015.11.01"]
[Round "5"]
[White "Farre Regada, Julian"]
[Black "Palau Cabases, Albert"]
[Result "1-0"]
[WhiteElo "2075"]
[BlackElo "2154"]
[PlyCount "153"]
[EventDate "2015.09.27"]
[EventType "swiss"]
[EventRounds "9"]
[EventCountry "ESP"]
[SourceTitle "EXT 2017"]
[Source "ChessBase"]
[SourceDate "2016.10.25"]
[SourceVersion "1"]
[SourceVersionDate "2016.10.25"]
[SourceQuality "1"]

1. d4 Nf6 2. c4 c5 3. d5 b5 4. cxb5 a6 5. e3 axb5 6. Bxb5 Qa5+ 7. Nc3 Bb7 8. Bd2 Na6 9. Bc4 e6 10. Nf3 Qb6 11. e4 Be7 12. 0-0 0-0 13. Re1 Rfe8 14. dxe6 dxe6 15. a3 Red8 16. Qc2 Ne8 17. Rad1 Nd6 18. Ba2 Rdc8 19. Bf4 Qc6 20. Ne5 Qe8 21. Qe2 Rd8 22. Qg4 Qf8 23. h4 Ne8 24. Nxf7 Rxd1 25. Rxd1 Bc8 26. Ng5 Nf6 27. Bxe6+ Kh8 28. Qf5 h6 29. Nf7+ Qxf7 30. Bxf7 Bxf5 31. exf5 Rf8 32. Bg6 Nb8 33. Bxb8 Rxb8 34. Re1 Bf8 35. Re2 Rd8 36. f3 Bd6 37. Ne4 Be5 38. Nxf6 gxf6 39. Kf2 Rd3 40. Bf7 Kg7 41. Be6 Kf8 42. b3 Rd4 43. h5 Ke7 44. Rc2 Rh4 45. Ke3 Bd4+ 46. Kd3 Rxh5 47. b4 Kd6 48. b5 Rh1 49. a4 Rd1+ 50. Kc4 Rb1 51. Ra2 Ke5 52. a5 Rb4+ 53. Kd3 Rxb5 54. a6 Rb8 55. Ra4 Ra8 56. Kc4 Ra7 57. g4 Kf4 58. Ra3 Ke5 59. Bc8 Kd6 60. Bb7 Bf2 61. Rd3+ Kc7 62. Rd2 Bg1 63. Re2 Bd4 64. Re8 Kb6 65. Rg8 Be3 66. Rc8 Rxb7 67. axb7 Kxb7 68. Rf8 Bd4 69. f4 Kc6 70. Re8 Kd7 71. Re6 Kc7 72. Kd5 Kd7 73. Ra6 Ke7 74. Ra3 Kd7 75. Rh3 Kc7 76. Rxh6 Kb6 77. g5 1-0

[Event "Lleida Province-ch"]
[Site "Tornabous"]
[Date "2014.11.23"]
[Round "8"]
[White "Biosca Lacasa, Jordi"]
[Black "Palau Cabases, Albert"]
[Result "0-1"]
[WhiteElo "2048"]
[BlackElo "2157"]
[PlyCount "52"]
[EventDate "2014.10.05"]
[EventType "swiss"]
[EventRounds "9"]
[EventCountry "ESP"]
[SourceTitle "CBM 163 Extra"]
[Source "ChessBase"]
[SourceDate "2014.12.23"]
[SourceVersion "1"]
[SourceVersionDate "2014.12.23"]
[SourceQuality "1"]

1. d4 Nf6 2. Bf4 c5 3. e3 cxd4 4. exd4 Qb6 5. b3 g6 6. Nf3 Bg7 7. Be2 Nc6 8. c3 d6 9. 0-0 0-0 10. Qd2 Re8 11. Na3 e5 12. Nc4 Qc7 13. dxe5 dxe5 14. Bh6 Ne4 15. Qe3 Nxc3 16. Bxg7 Nxe2+ 17. Qxe2 Kxg7 18. Rac1 Bg4 19. h3 Nd4 20. Qe4 Nxf3+ 21. Kh1 Bxh3 22. Qxf3 Bd7 23. Rfe1 Bc6 24. Qg3 f6 25. Re3 b5 26. Nd2 Bxg2+ 0-1

[Event "Lleida Province-ch"]
[Site "Balaguer"]
[Date "2013.12.01"]
[Round "9"]
[White "Palau Cabases, Albert"]
[Black "Arno Bendicho, Arnau"]
[Result "0-1"]
[WhiteElo "1961"]
[BlackElo "1927"]
[PlyCount "124"]
[EventDate "2013.10.06"]
[EventType "swiss"]
[EventRounds "9"]
[EventCountry "ESP"]
[SourceTitle "CBM 157 Extra"]
[Source "ChessBase"]
[SourceDate "2013.12.19"]
[SourceVersion "1"]
[SourceVersionDate "2013.12.19"]
[SourceQuality "1"]

1. e4 c5 2. Nc3 e6 3. f4 Nc6 4. Nf3 a6 5. a4 b6 6. Bc4 Bb7 7. 0-0 Be7 8. Qe1 Nh6 9. d3 f5 10. Qg3 0-0 11. Ng5 Nd4 12. Be3 Rf6 13. Bxd4 cxd4 14. Ne2 d5 15. Bb3 Nf7 16. exf5 exf5 17. Qh3 Nh6 18. Kh1 Bc5 19. Rae1 Qd7 20. Nf3 Ng4 21. Ne5 Qe6 22. Nxg4 fxg4 23. Qg3 Qf5 24. Qf2 Re8 25. Nxd4 Rxe1 26. Rxe1 Qd7 27. c3 g5 28. f5 Bxd4 29. Qxd4 Qxf5 30. Kg1 Kg7 31. Qe3 Bc6 32. d4 b5 33. a5 b4 34. c4 dxc4 35. Bxc4 Bd5 36. Bd3 Qf4 37. Qe7+ Bf7 38. Qe3 h6 39. Qxf4 gxf4 40. Re7 Kf8 41. Ra7 Rd6 42. Bxa6 Rxd4 43. Be2 h5 44. Rb7 Bd5 45. Rb8+ Ke7 46. a6 Rd2 47. Rxb4 Rxe2 48. a7 Re1+ 49. Kf2 Ra1 50. Rb5 Kd6 51. Rb4 Ke5 52. Rb8 Rxa7 53. Rh8 Bf7 54. Rb8 Rc7 55. b4 Rc2+ 56. Kf1 Rb2 57. Kg1 Bd5 58. Rh8 Rxg2+ 59. Kf1 Rxh2 60. b5 g3 61. b6 g2+ 62. Kf2 Rh1 0-1

[Event "Lleida Province-ch"]
[Site "Balaguer"]
[Date "2013.10.27"]
[Round "4"]
[White "Palau Cabases, Albert"]
[Black "Pera Lucas, Eugeni"]
[Result "0-1"]
[WhiteElo "1961"]
[BlackElo "1934"]
[PlyCount "62"]
[EventDate "2013.10.06"]
[EventType "swiss"]
[EventRounds "9"]
[EventCountry "ESP"]
[SourceTitle "CBM 157 Extra"]
[Source "ChessBase"]
[SourceDate "2013.12.19"]
[SourceVersion "1"]
[SourceVersionDate "2013.12.19"]
[SourceQuality "1"]

1. e4 e5 2. Nf3 Nc6 3. Bb5 a6 4. Ba4 Nf6 5. 0-0 Be7 6. Re1 b5 7. Bb3 0-0 8. h3 d6 9. d3 Na5 10. Nbd2 Nxb3 11. axb3 c5 12. c4 b4 13. Nf1 Ne8 14. Ne3 Nc7 15. Nh2 g6 16. Nhg4 Bg5 17. Qf3 f5 18. exf5 gxf5 19. Nh2 Ra7 20. Qh5 Ne6 21. h4 Bxe3 22. fxe3 Rg7 23. Rf1 Bb7 24. e4 f4 25. Ng4 Rg6 26. Nh6+ Kh8 27. Nf5 Rfg8 28. Rf2 Ng7 29. Nxg7 R8xg7 30. Kf1 Rg4 31. Ke2 Rxh4 0-1

[Event "Lleida Province-ch"]
[Site "Lleida"]
[Date "2012.11.04"]
[Round "6"]
[White "Arnillas Moles, Josep"]
[Black "Palau Cabases, Albert"]
[Result "0-1"]
[WhiteElo "1775"]
[BlackElo "1916"]
[PlyCount "86"]
[EventDate "2012.10.07"]
[EventType "swiss"]
[EventRounds "9"]
[EventCountry "ESP"]
[SourceTitle "EXT 2015"]
[Source "ChessBase"]
[SourceDate "2014.11.20"]
[SourceVersion "1"]
[SourceVersionDate "2014.11.20"]
[SourceQuality "1"]

1. e4 c5 2. Nf3 Nc6 3. d3 g6 4. g3 Bg7 5. Bg2 d6 6. Nbd2 Nf6 7. 0-0 0-0 8. Re1 e5 9. Nf1 Nd4 10. Nh4 Ne8 11. c3 Ne6 12. Ne3 Kh8 13. Rf1 Rb8 14. Qe1 Bf6 15. Nf3 b5 16. Nd5 Bg7 17. Nh4 N6c7 18. c4 bxc4 19. dxc4 Nxd5 20. cxd5 Ba6 21. b3 Bxf1 22. Bxf1 f5 23. exf5 gxf5 24. Bd2 Rb7 25. Rd1 Rbf7 26. Qe2 Kg8 27. Bh3 Nc7 28. Qh5 Qe8 29. Ba5 Rf6 30. Qf3 Nb5 31. Bd2 Nd4 32. Qd3 Qh5 33. Re1 f4 34. Be6+ Kh8 35. Bc3 fxg3 36. fxg3 Nf3+ 37. Nxf3 Rxf3 38. Qd1 Qg6 39. Qd2 Bh6 40. Qb2 Be3+ 41. Kh1 Rf1+ 42. Kg2 R8f2+ 43. Qxf2 Rxf2+ 0-1

[Event "Lleida Province-ch"]
[Site "Lleida"]
[Date "2012.11.01"]
[Round "5"]
[White "Palau Cabases, Albert"]
[Black "Monfa Sole, Ramon"]
[Result "0-1"]
[WhiteElo "1916"]
[BlackElo "2009"]
[PlyCount "70"]
[EventDate "2012.10.07"]
[EventType "swiss"]
[EventRounds "9"]
[EventCountry "ESP"]
[SourceTitle "EXT 2015"]
[Source "ChessBase"]
[SourceDate "2014.11.20"]
[SourceVersion "1"]
[SourceVersionDate "2014.11.20"]
[SourceQuality "1"]

1. e4 c6 2. d4 Na6 3. c4 d6 4. Nc3 e5 5. Nf3 Bg4 6. Be2 Be7 7. Be3 Bxf3 8. Bxf3 Bg5 9. Qd2 h6 10. 0-0-0 Bxe3 11. fxe3 Nf6 12. h4 Qe7 13. Kb1 0-0-0 14. d5 c5 15. Ka1 Kb8 16. Rb1 Qc7 17. Nb5 Qb6 18. a3 Nc7 19. Nc3 Qa5 20. Qc2 a6 21. Ka2 Ka7 22. b4 cxb4 23. Rxb4 Nd7 24. Rhb1 Nc5 25. Qb2 Rb8 26. Na4 b5 27. Nxc5 dxc5 28. Rb3 f6 29. cxb5 axb5 30. Be2 b4 31. Qc2 Rhc8 32. Rd1 c4 33. Bxc4 Nb5 34. Rxb4 Qxa3+ 35. Kb1 Qxb4+ 0-1

[Event "Lleida Province-ch"]
[Site "Lleida"]
[Date "2011.11.27"]
[Round "8"]
[White "Perez Cabas, Jose"]
[Black "Palau Cabases, Albert"]
[Result "1-0"]
[WhiteElo "1964"]
[BlackElo "1899"]
[PlyCount "97"]
[EventDate "2011.10.09"]
[EventType "swiss"]
[EventRounds "9"]
[EventCountry "ESP"]
[SourceTitle "EXT 2015"]
[Source "ChessBase"]
[SourceDate "2014.11.20"]
[SourceVersion "1"]
[SourceVersionDate "2014.11.20"]
[SourceQuality "1"]

1. e4 e5 2. Nf3 Nc6 3. Bb5 a6 4. Ba4 Nf6 5. d3 Bc5 6. 0-0 0-0 7. Bxc6 dxc6 8. Nxe5 Re8 9. Nf3 Bg4 10. Nbd2 h6 11. Re1 Qd7 12. Nf1 Rad8 13. Be3 Bb4 14. Bd2 Bc5 15. Bc3 Qc8 16. Bxf6 gxf6 17. Ne3 Rxe4 18. Nxg4 Rxg4 19. h3 Rg7 20. Kf1 Kh7 21. Nh4 Rdg8 22. d4 Bd6 23. Qf3 f5 24. c4 Rg5 25. c5 Bf8 26. Re5 Qd8 27. Nxf5 Bg7 28. Re7 Qd5 29. Qxd5 cxd5 30. g4 h5 31. f3 hxg4 32. hxg4 Rxf5 33. gxf5 Bxd4 34. Rxf7+ Rg7 35. Rxg7+ Kxg7 36. Rd1 Bxb2 37. Rxd5 Kf6 38. Ke2 Ba3 39. Rd7 Bxc5 40. Rxc7 b6 41. Kd3 Kxf5 42. Rxc5+ bxc5 43. Kc4 Kf4 44. Kxc5 a5 45. Kb5 a4 46. Kxa4 Kxf3 47. Kb5 Ke4 48. a4 Kd5 49. a5 1-0

[Event "Lleida Province-ch"]
[Site "Almenar"]
[Date "2010.10.??"]
[Round "8"]
[White "Coll Ortega, Cristina"]
[Black "Palau Cabases, Albert"]
[Result "1-0"]
[WhiteElo "1898"]
[BlackElo "1922"]
[PlyCount "55"]
[EventDate "2010.10.10"]
[EventType "swiss"]
[EventRounds "9"]
[EventCountry "ESP"]
[SourceTitle "EXT 2015"]
[Source "ChessBase"]
[SourceDate "2014.11.20"]
[SourceVersion "1"]
[SourceVersionDate "2014.11.20"]
[SourceQuality "1"]

1. e4 d6 2. d4 Nf6 3. Nc3 g6 4. Nf3 Bg7 5. Be2 c6 6. a4 0-0 7. 0-0 Nbd7 8. h3 Qc7 9. Be3 e5 10. Qd2 Re8 11. d5 c5 12. Bh6 a6 13. Bxg7 Kxg7 14. a5 Rb8 15. Nh2 b5 16. axb6 Rxb6 17. b3 Nb8 18. Ng4 Nxg4 19. Bxg4 h5 20. Bxc8 Qxc8 21. Ra4 Re7 22. Rfa1 f5 23. exf5 Qxf5 24. Ne4 Rf7 25. Ng5 Rf6 26. Ne6+ Kh7 27. g4 hxg4 28. hxg4 1-0